000 00449cam a22001691 4500
001 45292
090 _a45292
100 _a19930320d1931 m y0pory5003 ba
101 0 _afra
102 _aFR
200 1 _aVol de nuit
_fAntoine de Saint-Exupéry
_gpref. André Gide
210 9 _aParis
_cGallimard,
_d1978
215 _a187, [1] p.
675 _a821.133.1-31"19"
_vBN
_zpor
700 1 _aSaint-Exupéry,
_bAntoine de,
_f1900-1944
801 0 _aPT
_bBN
_gRPC
990 _cLIVROS